Statistiques concernant Drapeaux ne contenant pas de rouge

Cliquez ici pour prendre le quiz!

Statistiques générales

  • Ce quiz a été pris 68 fois
  • Le résultat moyen est 22 sur 43

Statistiques - réponses

Réponse% Correct
Suède 🇸🇪
87%
Argentine 🇦🇷
84%
Irlande 🇮🇪
82%
Finlande 🇫🇮
81%
Grèce 🇬🇷
77%
Estonie 🇪🇪
76%
Brésil 🇧🇷
71%
Uruguay 🇺🇾
66%
Ukraine 🇺🇦
65%
Inde 🇮🇳
63%
Honduras 🇭🇳
60%
Israël 🇮🇱
60%
Jamaïque 🇯🇲
56%
Sainte-Lucie 🇱🇨
55%
Saint-Marin 🇸🇲
55%
Arabie saoudite 🇸🇦
53%
Côte d'Ivoire 🇨🇮
53%
Chypre 🇨🇾
52%
Somalie 🇸🇴
50%
Barbade 🇧🇧
48%
Guatemala 🇬🇹
48%
Kosovo 🇽🇰
48%
Bosnie-Herzégovine 🇧🇦
47%
Niger 🇳🇪
47%
Pakistan 🇵🇰
47%
États fédérés de Micronésie 🇫🇲
45%
Lesotho 🇱🇸
45%
Salomon 🇸🇧
45%
Afghanistan
44%
Bahamas 🇧🇸
42%
Nauru 🇳🇷
42%
Nigeria 🇳🇬
42%
Kazakhstan 🇰🇿
40%
Saint-Vincent-et-les-Grenadines 🇻🇨
40%
Tanzanie 🇹🇿
40%
Botswana 🇧🇼
39%
Îles Marshall 🇲🇭
39%
Ouzbékistan 🇺🇿
39%
Bhoutan 🇧🇹
34%
Palaos 🇵🇼
34%
Gabon 🇬🇦
32%
Rwanda 🇷🇼
29%
Sierra Leone 🇸🇱
29%

Distribution des résultats

Percentile par nombre de réponses

% des personnes avec chaque résultat

Votre développement - résultats

Vous n’avez pas pris ce quiz